<?xml version="1.0" encoding="UTF-8"?>
<record
    xmlns:xsi="http://www.w3.org/2001/XMLSchema-instance"
    xsi:schemaLocation="http://www.loc.gov/MARC21/slim http://www.loc.gov/standards/marcxml/schema/MARC21slim.xsd"
    xmlns="http://www.loc.gov/MARC21/slim">

  <leader>01432cam a2200361 i 4500</leader>
  <controlfield tag="001">195734</controlfield>
  <controlfield tag="003">ES-MaACL</controlfield>
  <controlfield tag="005">20250112063037.0</controlfield>
  <controlfield tag="008">24    s2009    sp            000 0 spa c</controlfield>
  <datafield tag="017" ind1=" " ind2=" ">
    <subfield code="a">B 33705-2009</subfield>
  </datafield>
  <datafield tag="020" ind1=" " ind2=" ">
    <subfield code="a">9788497841474</subfield>
  </datafield>
  <datafield tag="035" ind1=" " ind2=" ">
    <subfield code="a">Rebiun02414867</subfield>
  </datafield>
  <datafield tag="040" ind1=" " ind2=" ">
    <subfield code="a">SpMaUCFS. </subfield>
    <subfield code="d">UAL. </subfield>
    <subfield code="d">BUS</subfield>
    <subfield code="b">spa</subfield>
    <subfield code="c">ES-MaACL</subfield>
  </datafield>
  <datafield tag="080" ind1=" " ind2=" ">
    <subfield code="a">316.7(430)"1919/1933"</subfield>
  </datafield>
  <datafield tag="100" ind1=" " ind2=" ">
    <subfield code="a">Kracauer, Siegfried,</subfield>
    <subfield code="d">1889-1966</subfield>
    <subfield code="9">237406</subfield>
    <subfield code="e">aut</subfield>
  </datafield>
  <datafield tag="245" ind1="1" ind2="0">
    <subfield code="a">Construcciones y perspectivas : </subfield>
    <subfield code="b">El ornamento de la masa 2 / </subfield>
    <subfield code="c">Siegfried Kracauer ; traducci&#xF3;n de Valeria Grinberg Pla ; pr&#xF3;logo de Mar&#xED;a P&#xED;a L&#xF3;pez ; ep&#xED;logo de Carlos Eduardo Jordao Machado</subfield>
  </datafield>
  <datafield tag="260" ind1=" " ind2=" ">
    <subfield code="a">Barcelona : </subfield>
    <subfield code="b">Gedisa, </subfield>
    <subfield code="c">2009</subfield>
  </datafield>
  <datafield tag="300" ind1=" " ind2=" ">
    <subfield code="a">190 p. ; </subfield>
    <subfield code="c">20 cm</subfield>
  </datafield>
  <datafield tag="336" ind1=" " ind2=" ">
    <subfield code="2">rdacontent</subfield>
    <subfield code="a">texto</subfield>
  </datafield>
  <datafield tag="337" ind1=" " ind2=" ">
    <subfield code="2">rdamedia</subfield>
    <subfield code="a">sin mediaci&#xF3;n</subfield>
  </datafield>
  <datafield tag="338" ind1=" " ind2=" ">
    <subfield code="2">rdacarrier</subfield>
    <subfield code="a">volumen</subfield>
  </datafield>
  <datafield tag="490" ind1="1" ind2=" ">
    <subfield code="a">Dimensi&#xF3;n Cl&#xE1;sica. </subfield>
    <subfield code="p">Teor&#xED;a social</subfield>
  </datafield>
  <datafield tag="526" ind1=" " ind2=" ">
    <subfield code="a">1820017</subfield>
  </datafield>
  <datafield tag="650" ind1="0" ind2="0">
    <subfield code="a">Alemania-</subfield>
    <subfield code="x">Cultura popular</subfield>
    <subfield code="9">237407</subfield>
  </datafield>
  <datafield tag="700" ind1=" " ind2=" ">
    <subfield code="a">Grinberg Pla, Valeria, </subfield>
    <subfield code="d">1968-</subfield>
    <subfield code="9">237408</subfield>
    <subfield code="e">trl</subfield>
  </datafield>
  <datafield tag="700" ind1=" " ind2=" ">
    <subfield code="a">Minelli, Maria Pia</subfield>
    <subfield code="9">237409</subfield>
    <subfield code="e">aui</subfield>
  </datafield>
  <datafield tag="830" ind1=" " ind2=" ">
    <subfield code="a">Dimensi&#xF3;n Cl&#xE1;sica.</subfield>
    <subfield code="p">Teor&#xED;a social</subfield>
    <subfield code="9">239443</subfield>
  </datafield>
  <datafield tag="852" ind1=" " ind2=" ">
    <subfield code="a">ES-MaACL</subfield>
    <subfield code="c">DEPOJ</subfield>
    <subfield code="j">N-8740</subfield>
    <subfield code="h">Donaci&#xF3;n: Editorial</subfield>
    <subfield code="x">Encuadernaci&#xF3;n r&#xFA;stica</subfield>
    <subfield code="9">204521</subfield>
  </datafield>
  <datafield tag="942" ind1=" " ind2=" ">
    <subfield code="2">udc</subfield>
    <subfield code="c">MONOGRAFIA</subfield>
    <subfield code="n">0</subfield>
  </datafield>
  <datafield tag="954" ind1=" " ind2=" ">
    <subfield code="i">Tatiana Alejandra de Castro P&#xE9;rez</subfield>
  </datafield>
  <datafield tag="999" ind1=" " ind2=" ">
    <subfield code="c">195734</subfield>
    <subfield code="d">195734</subfield>
  </datafield>
  <datafield tag="952" ind1=" " ind2=" ">
    <subfield code="0">0</subfield>
    <subfield code="1">0</subfield>
    <subfield code="2">udc</subfield>
    <subfield code="4">0</subfield>
    <subfield code="7">0</subfield>
    <subfield code="a">ATENEOM</subfield>
    <subfield code="b">ATENEOM</subfield>
    <subfield code="c">DEPOJ</subfield>
    <subfield code="d">2025-01-10</subfield>
    <subfield code="e">DONACION</subfield>
    <subfield code="l">0</subfield>
    <subfield code="o">N-8740</subfield>
    <subfield code="p">101229335</subfield>
    <subfield code="r">2025-01-10 00:00:00</subfield>
    <subfield code="w">2025-01-10</subfield>
    <subfield code="y">MONOGRAFIA</subfield>
  </datafield>
</record>
